Statistiques concernant Les 20 entraineurs avec le meilleur % de victoires en ligue 1 au 21eme

Cliquez ici pour prendre le quiz!

Statistiques générales

  • Ce quiz a été pris 169 fois
  • Le résultat moyen est 12 sur 20

Statistiques - réponses

% de
Victoires
EntraineursNationalitéClubs
Entraîné
% Correct
75,6%Thomas TuchelAllemagnePSG
99%
62,3%Laurent BlancFranceBordeaux
PSG
Lyon
97%
63,2%Carlo AncelottiItaliePSG
92%
69,5%Mauricio PochettinoArgentinePSG
87%
73,7%Unai EmeryEspagnePSG
85%
62,1%Igor TudorCroatieMarseille
80%
55,5%Bruno GenesioFranceLyon
Rennes
75%
53,8%Leonardo JardimPortugalMonaco
66%
55,1%Jorge SampaoliArgentineMarseille
61%
49%Rudi GarciaFranceSaint-Étienne
Le Mans
Lille
Marseille
Lyon
60%
52,6%Will StillBelgiqueReims
58%
52,1%André Villas-BoasPortugalMarseille
53%
48,7%Claudio RanieriItalieMonaco
Nantes
51%
60,4%Philippe ClementBelgiqueMonaco
51%
56,1%Niko KovacCroatieMonaco
50%
51,7%Paulo FonsecaPortugalLille
42%
56,7%Eric GeretsBelgiqueMarseille
38%
50%Sergio ConceiçaoPortugalNantes
37%
50%Didier DigardFranceNice
35%
52,9%Gustavo PoyetUruguayBordeaux
22%

Distribution des résultats

Percentile par nombre de réponses

% des personnes avec chaque résultat

Votre développement - résultats

Vous n’avez pas pris ce quiz